<?xml version="1.0" encoding="UTF-8"?>
<record
    xmlns:xsi="http://www.w3.org/2001/XMLSchema-instance"
    xsi:schemaLocation="http://www.loc.gov/MARC21/slim http://www.loc.gov/standards/marcxml/schema/MARC21slim.xsd"
    xmlns="http://www.loc.gov/MARC21/slim">

  <leader>01438cam a2200217I  4500</leader>
  <datafield tag="999" ind1=" " ind2=" ">
    <subfield code="c">6514</subfield>
    <subfield code="d">6514</subfield>
  </datafield>
  <controlfield tag="001">1545466</controlfield>
  <controlfield tag="003">OCoLC</controlfield>
  <controlfield tag="005">20190117111908.0</controlfield>
  <controlfield tag="008">750814s1953    tnu           000 0 eng  </controlfield>
  <datafield tag="010" ind1=" " ind2=" ">
    <subfield code="a">   53011338</subfield>
  </datafield>
  <datafield tag="040" ind1=" " ind2=" ">
    <subfield code="a">DLC</subfield>
    <subfield code="c">DZM</subfield>
    <subfield code="d">OCL</subfield>
    <subfield code="d">OCLCG</subfield>
    <subfield code="d">SGB</subfield>
  </datafield>
  <datafield tag="050" ind1="0" ind2="4">
    <subfield code="a">BV4832</subfield>
    <subfield code="b">.J457</subfield>
  </datafield>
  <datafield tag="082" ind1=" " ind2=" ">
    <subfield code="a">242.2</subfield>
    <subfield code="b">J76G</subfield>
  </datafield>
  <datafield tag="100" ind1="1" ind2=" ">
    <subfield code="a">Jones, E. Stanley</subfield>
    <subfield code="q">(Eli Stanley),</subfield>
    <subfield code="d">1884-1973.</subfield>
  </datafield>
  <datafield tag="245" ind1="1" ind2="0">
    <subfield code="a">Growing spiritually.</subfield>
  </datafield>
  <datafield tag="260" ind1=" " ind2=" ">
    <subfield code="a">Nashville,</subfield>
    <subfield code="b">Abingdon-Cokesbury Press</subfield>
    <subfield code="c">[1953]</subfield>
  </datafield>
  <datafield tag="300" ind1=" " ind2=" ">
    <subfield code="a">364 p.</subfield>
    <subfield code="c">16 cm.</subfield>
  </datafield>
  <datafield tag="520" ind1=" " ind2=" ">
    <subfield code="a">The necessity for spiritual growth is not merely our personal problem -- it is that, but it is more; it is our world problem. At the center of almost every acute problem -- personal, social, economic, political and international -- is moral and spiritual immaturity. Christian maturity must be the major business and endeavor of our race. It is that or chaos. So this book attempts to point the way to that maturity of character without which we will remain an infantile civilization. Where do we begin? Where everything begins -- with ourselves. I have linked growth with devotional exercises, a page a day. This book can be read a page a day; or, since it is divided into a week's complete thought, it can be used as a study book for group discussions; or, since one theme runs through the whole, it can be read straight through as an ordinary book. - Introduction.</subfield>
  </datafield>
  <datafield tag="650" ind1=" " ind2="0">
    <subfield code="a">Devotional exercises.</subfield>
  </datafield>
  <datafield tag="942" ind1=" " ind2=" ">
    <subfield code="2">ddc</subfield>
    <subfield code="c">BK</subfield>
  </datafield>
  <datafield tag="952" ind1=" " ind2=" ">
    <subfield code="0">0</subfield>
    <subfield code="1">0</subfield>
    <subfield code="2">ddc</subfield>
    <subfield code="4">0</subfield>
    <subfield code="7">0</subfield>
    <subfield code="8">NFIC</subfield>
    <subfield code="a">HMC</subfield>
    <subfield code="b">HMC</subfield>
    <subfield code="c">GEN</subfield>
    <subfield code="d">2019-01-17</subfield>
    <subfield code="g">1350.00</subfield>
    <subfield code="l">0</subfield>
    <subfield code="o">242.2 J76G</subfield>
    <subfield code="p">007361</subfield>
    <subfield code="r">2019-01-17 00:00:00</subfield>
    <subfield code="w">2019-01-17</subfield>
    <subfield code="y">BK</subfield>
  </datafield>
</record>
